000 01331cab a2200385 4500
001 ABS56182
008 090401t1996 xxu||||| |||| 00| 0 eng d
035 _a(Sirsi) u21766
041 _aeng
245 _aOffices
260 _c1996
300 _aLOAN
350 _a0
490 _aProperty Week
_v57(8) Supplement 22 November 1996, (48)
520 _aArticles include the `ideal` office design; turning empty office and warehouse space into residential use; multi-tenanting; fitting-out to suit occupier`s needs; tenant related design; security measures; northern office market investment; availability of small high-quality offices; regional prime rents and yields, and construction costs.
650 _aBUILT ENVIRONMENT-BUILDING COSTS
650 _aBUSINESS RATES
650 _aCONVERSION
650 _aCOST MODELS
650 _aEMPTY OFFICES
650 _aMULTI-TENANTING
650 _aOFFICE DESIGN
650 _aPROPERTY-COMMERCIAL PROPERTY-OFFICE PROPERTY-OFFICE PROPERTY MARKET
650 _aOFFICES
650 _aOSCAR
650 _aPHASING
650 _aRENTAL LEVELS
650 _aRESIDENTIAL USE
650 _aSECURITY
650 _aSERVICE CHARGES
650 _aYIELDS
690 _aPROPERTY-COMMERCIAL PROPERTY-COMMERCIAL PROPERTY MARKET
942 _n0
948 _c04/03/1997
999 _c14593
_d14593